27 - 大阪府の自治体(Text) - Statistics

General Stats
  • This quiz has been taken 23 times
    21 since last reset
  • The average score is 32 of 43
Answers on the Map
Answers color-coded by a green-red scale on the quiz's map according to % correct below.
 
Answer Stats
市町村 % Correct
大阪おおさか
94%
さかい
88%
吹田すいた
88%
高槻たかつき
88%
豊能とよのぐん 能勢のせちょう
88%
東大阪ひがしおおさか
88%
池田いけだ
82%
泉佐野いずみさの
82%
泉南せんなん
82%
豊中とよなか
82%
富田林とんだばやし
82%
阪南はんなん
82%
泉大津いずみおおつ
76%
和泉いずみ
76%
河内長野かわちながの
76%
三島みしまぐん 島本しまもとちょう
76%
摂津せっつ
76%
泉南せんなんぐん 田尻たじりちょう
76%
南河内みなみかわちぐん 千早赤阪ちはやあかさかむら
76%
寝屋川ねやがわ
76%
枚方ひらかた
76%
箕面みのお
76%
茨木いばらき
71%
大阪狭山おおさかさやま
71%
交野かたの
71%
門真かどま
71%
岸和田きしわだ
71%
四條畷しじょうなわて
71%
豊能とよのぐん 豊能とよのちょう
71%
松原まつばら
71%
泉南せんなんぐん みさきちょう
71%
守口もりぐち
71%
八尾やお
71%
貝塚かいづか
65%
柏原かしわら
65%
泉南せんなんぐん 熊取くまとりちょう
65%
大東だいとう
65%
高石たかいし
65%
泉北せんぼくぐん 忠岡ただおかちょう
65%
羽曳野はびきの
65%
南河内みなみかわちぐん 河南かなんちょう
59%
藤井寺ふじいでら
59%
南河内みなみかわちぐん 太子たいしちょう
41%
No matching quizzes found
Score Distribution
Percent of People with Each Score
Percentile by Number Answered
Your Score History
You have not taken this quiz since the last reset